[Event "SVK-ch U16"]
[Site "Dudince"]
[Date "2023.04.22"]
[Round "8"]
[White "Vecera, Peter"]
[Black "Galad, Adam"]
[Result "1/2-1/2"]
[WhiteElo "1249"]
[BlackElo "1079"]
[PlyCount "32"]
[EventDate "2023.04.16"]
[EventType "swiss"]
[EventRounds "9"]
[EventCountry "SVK"]
[SourceTitle "CBM 213 Extra"]
[Source "ChessBase"]
[SourceDate "2023.05.31"]
[SourceVersion "1"]
[SourceVersionDate "2023.05.31"]
[SourceQuality "1"]

1. e4 e5 2. Nf3 Nc6 3. Bb5 Nf6 4. Bxc6 bxc6 5. Nc3 d6 6. d3 Be7 7. 0-0 Bg4 8. h3 Bh5 9. Bg5 0-0 10. Re1 Qd7 11. Bxf6 Bxf6 12. Nxe5 Bxe5 13. Qxh5 Bxc3 14. bxc3 Rfb8 15. Rab1 Rb6 16. Rb3 Rab8 1/2-1/2

[Event "SVK-ch U16"]
[Site "Dudince"]
[Date "2023.04.21"]
[Round "7"]
[White "Galad, Adam"]
[Black "Kadela, Fedor"]
[Result "0-1"]
[WhiteElo "1079"]
[BlackElo "1000"]
[PlyCount "50"]
[EventDate "2023.04.16"]
[EventType "swiss"]
[EventRounds "9"]
[EventCountry "SVK"]
[SourceTitle "CBM 213 Extra"]
[Source "ChessBase"]
[SourceDate "2023.05.31"]
[SourceVersion "1"]
[SourceVersionDate "2023.05.31"]
[SourceQuality "1"]

1. e4 e5 2. Nc3 Nf6 3. Nf3 Nc6 4. Bc4 Bc5 5. d3 h6 6. 0-0 d6 7. Bd2 Bg4 8. h3 Bh5 9. Rb1 Nd4 10. Nd5 c6 11. g4 cxd5 12. c3 Nxf3+ 13. Qxf3 dxc4 14. gxh5 cxd3 15. Qxd3 0-0 16. Qg3 Nxe4 17. Qd3 Nxd2 18. Qxd2 Qg5+ 19. Qxg5 hxg5 20. Rbd1 Rad8 21. b4 Bb6 22. Rd2 d5 23. Rfd1 d4 24. cxd4 Rxd4 25. Rxd4 exd4 0-1

[Event "SVK-ch U16"]
[Site "Dudince"]
[Date "2023.04.18"]
[Round "4"]
[White "Galad, Adam"]
[Black "Havalda, Samuel"]
[Result "0-1"]
[WhiteElo "1079"]
[BlackElo "1927"]
[PlyCount "50"]
[EventDate "2023.04.16"]
[EventType "swiss"]
[EventRounds "9"]
[EventCountry "SVK"]
[SourceTitle "CBM 213 Extra"]
[Source "ChessBase"]
[SourceDate "2023.05.31"]
[SourceVersion "1"]
[SourceVersionDate "2023.05.31"]
[SourceQuality "1"]

1. e4 e5 2. Nc3 Nf6 3. Bc4 Nxe4 4. Nxe4 d5 5. Qe2 dxc4 6. d3 cxd3 7. cxd3 Nc6 8. Nf3 Bd6 9. Bd2 Bg4 10. 0-0 Nd4 11. Neg5 Nxe2+ 12. Kh1 h6 13. Ne4 Bxf3 14. gxf3 f5 15. Rae1 Nd4 16. Bc3 Nxf3 17. Re3 fxe4 18. dxe4 0-0 19. Rd1 Qh4 20. Rxf3 Qxe4 21. Rdd3 Rxf3 22. Rxf3 Rf8 23. Bd2 Qxf3+ 24. Kg1 Qxf2+ 25. Kh1 Qf1# 0-1